| 000 | 00677nam a2200229 a 4500 | ||
|---|---|---|---|
| 005 | 20210219152945.0 | ||
| 008 | 991125n 000 0 eng u | ||
| 035 | _aUPN01000068879 | ||
| 100 | _aMehaffey, Joyce I. | ||
| 222 | _aSCHOOL COUNSELOR | ||
| 245 | _aConducting social skills training groups with elementary school children | ||
| 300 | _a61-67 | ||
| 362 | _a1992 40, no. 1 | ||
| 653 | 0 | _aACEPTACION DEL COMPA\197ERO | |
| 653 | 0 | _aACONSEJAR AL GRUPO | |
| 653 | 0 | _aCAPACIDAD INTERPERSONAL | |
| 653 | 0 | _aCONSEJEROS ESCOLARES | |
| 653 | 0 | _aESTUDIANTES DE LA ESCUELA ELEMENTAL | |
| 700 | _aSandberg, Siv Kristine | ||
| 904 |
_aAC _b006690 |
||
| 905 | _aArticulo | ||
| 999 |
_c64734 _d64734 |
||